000 00555nam a22002177a 4500
003 UA-OsUOA
001 55720
007 ta
008 20080919b un ||||| |||| 00| 0 ukr d
100 _aКозюк В.
090 _a330(477)
_bК59
942 _cSA
040 _aUA-OsUOA
_bukr
_cUA-OsUOA
_dUA-OsUOA
245 _aГлобальний монетаризм та актуальні проблеми кількісної теорії
300 _aС.24-36
955 _a0
041 _aukr
080 _a330(477)
773 0 _w55718
650 7 _2UDC
999 _c341799
_d341799